Statistics for Cincinnati Bengals - 2022 Offseason Roster

Click here to take the quiz!

General Stats

  • This quiz has been taken 29 times
    (19 since last reset)
  • The average score is 37 of 88

Answer Stats

HintAnswer% Correct
QBJoe Burrow
100%
HBJoe Mixon
93%
WRJa'Marr Chase
87%
WRTee Higgins
87%
WRTyler Boyd
87%
DTDJ Reader
80%
HBSamaje Perine
80%
DTBJ Hill
73%
DBDaxton Hill
73%
OTJonah Williams
73%
DESam Hubbard
73%
HBTrayveon Williams
73%
DETrey Hendrickson
73%
CBen Brown
67%
QBBrandon Allen
67%
CBChidobe Awuzie
67%
HBChris Evans
67%
TEDrew Sample
67%
CBEli Apple
67%
TEHayden Hurst
67%
LBLogan Wilson
67%
CBMike Hilton
67%
CTrey Hill
67%
EDGECam Sample
60%
KEvan McPherson
60%
LBGermaine Pratt
60%
QBJake Browning
60%
WRPooka Williams
60%
CTed Karras
60%
WRTrent Taylor
60%
LBAkeem Davis-Gaither
53%
SBrandon Wilson
53%
CBCam Taylor-Britt
53%
OTLa'el Collins
53%
WRTrenton Irwin
53%
GAlex Cappa
47%
LSClark Harris
47%
GJackson Carman
47%
SJessie Bates III
47%
DEJoseph Ossai
47%
PKevin Huber
47%
SMichael Thomas
47%
WRMike Thomas
47%
TEThaddeus Moss
47%
SVonn Bell
47%
OLCordell Volson
40%
PDrue Chrisman
40%
LBJoe Bachie
40%
TEMitchell Wilcox
40%
WRStanley Morgan
40%
LBClay Johnston
33%
GD'Ante Smith
33%
DTZach Carter
33%
CBAllan George
27%
LSCal Adomitis
27%
GHakeem Adeniji
27%
OTIsaiah Prince
27%
CBJalen Davis
27%
DTJosh Tupou
27%
LBMarkus Bailey
27%
STrayvon Henderson
27%
CBTrey Flowers
27%
STycen Anderson
27%
WRKwamie Lassiter II
20%
DEJeff Gunter
13%
TEJustin Rigg
13%
LBKeandre Jones
13%
WRKendric Pryor
13%
RBShermari Jones
13%
DTTyler Shelvin
13%
DEWyatt Hubert
13%
DBAbu Daramy-Swaray
7%
S/CBBookie Radley-Hiles
7%
LBCarson Wells
7%
LBClarence Hicks
7%
CBDelonte Hood
7%
GDesmond Noel
7%
OTDevin Cochran
7%
HBElijah Hollyfield
7%
WRJack Sorenson
7%
WRJaivon Heiligh
7%
CBJohn Brannon
7%
DEKhalid Kareem
7%
CLamont Gaillard
7%
TENick Eubanks
7%
DENoah Spence
7%
TEScotty Washington
7%
DT/DETariqious Tisdale
7%

Score Distribution

Percentile by Number Answered

Percent of People with Each Score

Your Score History

You have not taken this quiz since the last reset